Arte ruso / (Record no. 169852)

MARC details
000 -LEADER
campo de control de longitud fija 01014nam a2200265 i 4500
001 - NÚMERO DE CONTROL
campo de control 169852
003 - IDENTIFICADOR DE NÚMERO DE CONTROL
campo de control ES-MaACL
005 - FECHA Y HORA DE LA ÚLTIMA TRANSACCIÓN
campo de control 20250812051209.0
008 - DATOS DE LONGITUD FIJA--INFORMACIÓN GENERAL
campo de control de longitud fija 081205s1935 sp af |||| | spa d
080 ## - NÚMERO DE LA CLASIFICACIÓN DECIMAL UNIVERSAL
Número de la Clasificación Decimal Universal 7(47)(091)
100 1# - ENTRADA PRINCIPAL--NOMBRE DE PERSONA
Nombre de persona Nicolsky, Victor.
9 (RLIN) 85604
245 10 - MENCIÓN DEL TÍTULO
Título Arte ruso /
Mención de responsabilidad, etc. Victor Nicolsky ; traducción directa del ruso por Tatiana Enco de Valero y José Mª Quiroga Plá.
260 ## - PUBLICACIÓN, DISTRIBUCIÓN, ETC.
Lugar de publicación, distribución, etc. Barcelona :
Nombre del editor, distribuidor, etc. Labor,
Fecha de publicación, distribución, etc. 1935.
300 ## - DESCRIPCIÓN FÍSICA
Extensión 424 p., XVI p. de lám. :
Otras características físicas il. ;
Dimensiones 19 cm.
490 1# - MENCIÓN DE SERIE
Mención de serie Colección Labor.
-- Artes plásticas ;
Designación de volumen o secuencia 369-370
500 ## - NOTA GENERAL
Nota general Índices.
599 ## - NOTA A LAS ILUSTRACIONES
NOTA A LAS ILUSTRACIONES En verso de port.: "Con 122 figuras y 16 láminas"
650 #7 - PUNTO DE ACCESO ADICIONAL DE MATERIA--TÉRMINO DE MATERIA
Término de materia o nombre geográfico como elemento de entrada Arte ruso
Fuente del encabezamiento o término embne
9 (RLIN) 135620
700 1# - ENTRADA AGREGADA--NOMBRE PERSONAL
Nombre de persona Enco de Valero, Tatiana.
9 (RLIN) 47193
700 1# - ENTRADA AGREGADA--NOMBRE PERSONAL
Nombre de persona Quiroga Plá, José María,
Fechas asociadas al nombre 1902-1955
9 (RLIN) 94784
830 00 - PUNTO DE ACCESO ADICIONAL DE SERIE-TÍTULO UNIFORME
Título uniforme Colección Labor.
Nombre de parte o sección de la obra Artes plásticas
Designación de volumen o secuencia 369-370
9 (RLIN) 222913
852 ## - LOCALIZACIÓN
Ubicación ES-MaACL
Número de control de estantería E-12356
Nota libre . - Biblioteca Jacinto Martínez Lacalle
852 ## - LOCALIZACIÓN
Ubicación ES-MaACL
Número de control de estantería E-2845
Holdings
Estatus retirado Estado de pérdida Estado de daño No para préstamo Biblioteca de origen Biblioteca actual Ubicación en estantería Fecha de adquisición Fuente de adquisición Total de préstamos Signatura topográfica completa Código de barras Visto por última vez Precio de reemplazo Tipo de ítem Koha
        Biblioteca del Ateneo de Madrid Biblioteca del Ateneo de Madrid Depósito 2 09/12/2008     E-2845 1178334 23/02/2023 23/02/2023 Libro impreso
        Biblioteca del Ateneo de Madrid Biblioteca del Ateneo de Madrid Depósito 2 05/12/2008     E-12356 1178325 23/02/2023 23/02/2023 Libro impreso